| 000 | 00486cam a2200181 4500 | ||
|---|---|---|---|
| 001 | D11618 | ||
| 008 | 090401t xxu||||| |||| 00| 0 eng d | ||
| 035 | _a(Sirsi) u98690 | ||
| 041 | _aeng | ||
| 050 | _a692.50994 | ||
| 100 | _aSummers, D.R. | ||
| 245 | _aQuantity surveying practice in Australia | ||
| 350 | _a0 | ||
| 520 | _aIn: RICS Tenth triennial conference of chartered quantity surveyors...1975. 1975/23 ABCDE | ||
| 700 | _aCashman, R.F. | ||
| 942 | _n0 | ||
| 948 | _c04/03/1997 | ||
| 999 |
_c99213 _d99213 |
||